| 000 | 00889nam a2200205Ia 4500 | ||
|---|---|---|---|
| 999 |
_c38555 _d38555 |
||
| 001 | 4656 | ||
| 003 | GE_BSU | ||
| 005 | 20190514181917.0 | ||
| 008 | 181216s2003||||ge |||||||||||||| ||geo|| | ||
| 040 | _cGE_BSU | ||
| 041 | _ageo | ||
| 080 | _a004(075.8) ბ–97 | ||
| 100 |
_aბურკაძე, ანზორ _91132 |
||
| 245 |
_aკოპიუტერული ქსლების აგების პრინციპები : ლექციების კონსპექტი / _cანზორ ბურკაძე ; ტატიანა ბურკაძე. |
||
| 264 |
_aთბილისი, _c2003. |
||
| 300 |
_a81გვ . ; _c20 სმ. |
||
| 653 | _aკოპიუტერული ქსლების აგების პრინციპები | ||
| 700 |
_aბურკაძე, ტატიანა _91133 |
||
| 942 |
_cBK _2udc |
||